000
00317nam a22001217a 4500
008
140422b xxu||||| |||| 00| 0 eng d
020
_a
3527305416
_c
Available
082
_a
572.8SEN
100
_a
Chritoph W Sensen
245
_a
Essentials of Genomics & Bioinformatics
260
_a
Germany
_b
Wiley-VCH
_c
2002
942
_c
BK
999
_c
23210
_d
23210